000 00582nam a22002410a 4500
001 PT35404
003 AR-LpoUNG
005 20210131230255.0
008 191001s2006||||ck |||||||||||||||||spa d
020 _a9580493979
_c$5.50
040 _aAR-LpoUNG
_bspa
_cAR-LpoUNG
_eaacr
041 _aspa
044 _ack
082 0 _a808.068 3 19dia
100 1 _aKasza, Keiko
245 1 0 _aEL día de campo de don Chancho
260 _aBogotá :
_bNorma,
_c2006.
300 _a32 p. :
_bil.
650 4 _aCUENTOS
653 _aLITERATURA INFANTIL
905 _a35404
942 _cLIB
999 _c2556
_d2556